000 00532nam a22001817a 4500
008 251024b |||||||| |||| 00| 0 eng d
020 _a9780064671279
040 _ctbs
041 _aeng
050 _aHD31
_b.R38 1992
100 _aRawlins, Claudia
_926319
_eauthor
245 _aIntroduction to management
_c/ Claudia Rawlins Daumer.
260 _aNew York, NY :
_bHarperCollins Publishers,
_c1992.
300 _aviii, 215 pages ;
_c24 cm.
490 _aHarperCollins college outline
650 0 _aManagement
_9319
942 _2lcc
999 _c5103
_d5103